Islam kay bunyadi arkan / (Record no. 328855)

000 -LEADER
fixed length control field 01206cam a22003374a 4500
001 - CONTROL NUMBER
control field 12139111
003 - CONTROL NUMBER IDENTIFIER
control field Nust
005 - DATE AND TIME OF LATEST TRANSACTION
control field 20180416043122.0
008 - FIXED-LENGTH DATA ELEMENTS--GENERAL INFORMATION
fixed length control field 000811s2000 vau 001 0 eng
010 ## - LIBRARY OF CONGRESS CONTROL NUMBER
LC control number 00010841
020 ## - INTERNATIONAL STANDARD BOOK NUMBER
International Standard Book Number 9757388327 (pbk.)
040 ## - CATALOGING SOURCE
Original cataloging agency DLC
Transcribing agency DLC
Modifying agency DLC
041 1# - LANGUAGE CODE
Language code of text/sound track or separate title eng
Language code of summary or abstract ara
042 ## - AUTHENTICATION CODE
Authentication code pcc
050 00 - LIBRARY OF CONGRESS CALL NUMBER
Classification number BP165.5
Item number .G8513 2000
082 00 - DEWEY DECIMAL CLASSIFICATION NUMBER
Classification number 297.2
Author Mark FAT
100 1# - MAIN ENTRY--PERSONAL NAME
Personal name Gülen, Fethullah.
9 (RLIN) 6529
245 10 - TITLE STATEMENT
Title Islam kay bunyadi arkan /
Statement of responsibility, etc. M. Fethullah Gulen.
260 ## - PUBLICATION, DISTRIBUTION, ETC.
Place of publication, distribution, etc. Lahore :
Name of publisher, distributor, etc. Jahangir book depot
Date of publication, distribution, etc. 2000.
300 ## - PHYSICAL DESCRIPTION
Extent vii, 308 p. ;
Dimensions 23 cm.
500 ## - GENERAL NOTE
General note Includes index.
650 #0 - SUBJECT ADDED ENTRY--TOPICAL TERM
Topical term or geographic name entry element Islam
General subdivision Doctrines.
9 (RLIN) 1634
650 #0 - SUBJECT ADDED ENTRY--TOPICAL TERM
Topical term or geographic name entry element Islam
General subdivision Essence, genius, nature.
9 (RLIN) 6196
650 #0 - SUBJECT ADDED ENTRY--TOPICAL TERM
Topical term or geographic name entry element Islam
General subdivision Appreciation.
9 (RLIN) 10218
880 ## - ALTERNATE GRAPHIC REPRESENTATION
Linkage 100-01\r
Title محمد فتح اللہ گولن
880 ## - ALTERNATE GRAPHIC REPRESENTATION
Linkage 245-02\r
Title اسلام کے بنیادی ارکان
c محمد فتح اللہ گولن
880 ## - ALTERNATE GRAPHIC REPRESENTATION
Linkage 260-03\r
Title لاہور:
b جہانگیر بک ڈپو،
c 2000
906 ## - LOCAL DATA ELEMENT F, LDF (RLIN)
a 7
b cbc
c orignew
d 1
e ecip
f 20
g y-gencatlg
942 ## - ADDED ENTRY ELEMENTS (KOHA)
Source of classification or shelving scheme
Koha item type Book
Holdings
Withdrawn status Lost status Source of classification or shelving scheme Damaged status Not for loan Collection code Permanent Location Current Location Shelving location Date acquired Total Checkouts Full call number Barcode Date last seen Date last checked out Copy number Price effective from Koha item type
            Central Library (CL) Central Library (CL) First Floor - Islam 04/18/2017 3 297.2 GUL CL2414 01/13/2022 11/06/2021 1 04/18/2017 Book
© 2023 Central Library, National University of Sciences and Technology. All Rights Reserved.